[Event "Capablanca Memorial Elite 31st"]
[Site "Cienfuegos"]
[Date "1996.??.??"]
[Round "7"]
[White "Garcia, Gildardo"]
[Black "Wahls, Matthias"]
[Result "0-1"]
[WhiteElo "2525"]
[BlackElo "2555"]
[Annotator "Kantsler,B"]
[PlyCount "106"]
[EventDate "1996.05.??"]
[EventType "tourn"]
[EventRounds "13"]
[EventCountry "CUB"]
[EventCategory "12"]
[SourceTitle "CBM 054"]
[Source "ChessBase"]
[SourceDate "1996.10.01"]
[SourceVersion "1"]
[SourceVersionDate "1996.10.01"]
[SourceQuality "1"]

1. e4 {Wedberg} e5 2. Nf3 Nc6 3. Bb5 a6 4. Ba4 Nf6 5. O-O Be7 6. Re1 b5 7. Bb3
d6 8. c3 O-O 9. h3 Na5 10. Bc2 c5 11. d4 Qc7 12. Nbd2 cxd4 13. cxd4 Rd8 14. Nf1
{Wedberg: Natural, but not good here. Blacks attack in the centre is very
strong.} (14. d5 Bd7 15. Nf1 Rdc8 16. Bd3 Nb7 17. Ng3 (17. b4 $6 a5 18. Bd2
axb4 $10 {Ernst,T-Hellers,F/Malmo/1988/0,5/22/} (18... axb4 19. Bxb4 Nc5 20.
Ng3 Na6 21. Bd2 Nc5 22. Bb4 Na6 {1/2-1/2 Ernst,T-Hellers,F/Malmo 1988})) 17...
Nc5 18. Bb1 g6 19. Bg5 Qd8 20. Qd2 $14 {Perenyi,S-Lengyel,L/HUN/1977/}) (14. b3
Nc6 15. Bb2 exd4 16. Nxd4 Nxd4 17. Bxd4 Be6 (17... Bb7 {Wedberg} 18. Rc1 Qa5
19. Bb1 Rac8 20. Rxc8 Rxc8 21. Nf1 Re8 22. Re3 Qd8 23. Ng3 g6 24. Qd2 Bf8 25.
Qb2 Bg7 26. f4 $16 {Dolmatov,S-Polgar,Zsu/New York op (6) 1989/1-0 (61)}) 18.
Rc1 Qa5 19. Bb1 $14 {Kavalek,L-Balashov,Y/Tilburg/1977/} (19. Nf3 Rac8 20. Bb1
h6 21. Rxc8 Bxc8 22. Bb2 d5 23. exd5 Rxd5 $10 {1/2-1/2 Shirov,A-Xie Jun/Monaco
blind (04) ;EXP 52 1996 (33)})) 14... exd4 (14... Nc6 15. Ne3 Nxd4 16. Nxd4
exd4 17. Qxd4 d5 18. Nxd5 Nxd5 19. exd5 Qxc2 20. Rxe7 $16 {Padevsky,
N-Karastojchev,V/BUL/1959/1:0/39/}) (14... d5 15. Nxe5 dxe4 16. Ng3 Bd6 (16...
Bb7 17. Nf5 Bd6 18. Ng4 Nxg4 19. Qxg4 g6 20. Bxe4 Re8 21. Bh6 $16 {Unzicker,
W-Pachman,L/Gastings/1954/}) (16... Be6 17. Nxe4 Rac8 18. Re2 Nc4 19. Nf3 Bd5
20. Nxf6+ Bxf6 21. Be4 $16 {Gligoric,S-Milic,S/YUG/1953/}) 17. Bf4 Bb7 18. Rc1
Qb6 19. Nxe4 Nxe4 20. Bxe4 Bxe4 21. Rxe4 $16 {Tal,M-Gudmundsson,E/Rfykjavik/
1964/1:0/42/}) 15. Nxd4 (15. Bg5 h6 16. Bh4 Nc4 17. Qxd4 Ne5 $15 {Westerinen,
H-Szabo,L/Helsinki/1979/}) (15. Bf4 Nc6 16. Bb3 Be6 17. Bxe6 fxe6 18. Ng5 Qd7
19. Qb3 d5 20. exd5 Qxd5 $17 {Klovans,J-Shereshevski,M/URS/1973/0:1/48/}) (15.
Ng3 d5 16. e5 Ne4 17. Nxe4 dxe4 18. Bxe4 Bb7 19. Bg5 Bxe4 20. Bxe7 Qxe7 21.
Rxe4 d3 22. Nd4 Rd5 23. Qxd3 Rxe5 24. Nf5 $1 $16 {Vlasak,E-Kupsovsky,V/corr/
1991/1:0/47/}) 15... d5 $5 16. e5 Ne4 17. f3 $6 (17. Nd2 $5 Bb7 18. e6 (18.
N2f3 Nc4 19. e6 Bc5 20. b3 Na3 21. Be3 Bb4 22. Rc1 Nxc2 23. Rxc2 $13 {
Chiburdanidze,M-Torre,E/Baku/1980/0:1/31/}) 18... Bc5 19. exf7+ Qxf7 20. N2f3
Nc4 21. b3 Na3 22. Bb2 Nxc2 23. Qxc2 Rac8 24. Qd3 {Tal,M-Balashov,Y/Leningrad/
1977/0,5/24/}) 17... Bc5 (17... Ng5 18. Ng3 g6 19. Kh2 Ne6 20. Nxe6 Bxe6 21. f4
Rac8 22. Bd3 d4 23. f5 $13 {Sigurjonsson,G-Torre,E/Reykjavik/1980/0,5/43/}) 18.
fxe4 dxe4 19. Rxe4 $6 {N/} (19. Be3 $5 Nc4 20. Bxe4 Nxe3 21. Nxe3 Rxd4 22. Qf3
(22. Qc2 Rc4 23. Qd3 Bb7 $15) 22... Rb8 23. Kh1 Bb7 $10) 19... Nc6 20. Be3 Nxd4
21. Rh4 $8 (21. Bxd4 $2 Bf5 $19) (21. Rxd4 Bxd4 22. Bxd4 Qc4 $19) (21. Rc1 $6
Nf5 $17) 21... Bf5 $1 (21... Nf5 $6 22. Qh5 Nxh4 (22... Bxe3+ 23. Nxe3 Nxe3 24.
Qxh7+ Kf8 25. Qh8+ Ke7 26. Qxg7 Qb6 $8 27. Qg5+) (22... Nxe3 23. Qxh7+ Kf8 24.
Nxe3 Bxe3+ 25. Kh1 $146 Qxe5 $2 (25... Bh6 26. Rxh6 gxh6 27. Qxh6+ Ke8 28. Qh8+
Kd7 29. Rd1+ Ke7 30. Qf6+ $10) 26. Re4 $18) (22... Nxe3 $17 {Wedberg}) 23.
Qxh7+ Kf8 24. Qh8+ Ke7 25. Qxh4+ $146) (21... Nxc2 22. Qxc2 Bxe3+ 23. Nxe3 Qxc2
24. Nxc2 Rd2 25. Rd4 $15) 22. Be4 Rac8 23. b4 Bb6 (23... Qxe5 $17 {Wedberg})
24. Qh5 Qxe5 25. Bxf5 Qxf5 26. Qxf5 Nxf5 27. Bxb6 Nxh4 28. Bxd8 Rxd8 29. Rc1 g6
30. Rc6 Ra8 31. Ne3 a5 32. bxa5 Rxa5 33. Rc2 f5 34. Kf2 f4 35. Nd5 g5 36. g3
fxg3+ 37. Kxg3 Ra4 38. Rc7 (38. Rc5 $5) 38... h6 39. Rd7 $6 Kf8 $1 40. Nf6 $2 (
40. Rb7 $2 Nf5+ 41. Kf3 Rxa2 $17) (40. Nc7 $32 Nf5+ $17) 40... Nf5+ $1 41. Kf2
(41. Kf3 $2 Rf4+ $1 $19) 41... Rxa2+ 42. Kf3 Ra6 43. Ne4 Nh4+ 44. Kf2 Ra4 45.
Nc5 Ra3 46. Rb7 Rxh3 47. Ne6+ Kg8 48. Rxb5 Rf3+ 49. Kg1 Rf6 50. Nc7 Kf7 51. Nd5
Rd6 52. Kf2 Nf5 53. Kf3 $4 Nd4+ 0-1

[Event "Baku FIDE GP"]
[Site "Baku"]
[Date "2008.04.28"]
[Round "7"]
[White "Karjakin, Sergey"]
[Black "Inarkiev, Ernesto"]
[Result "1-0"]
[WhiteElo "2732"]
[BlackElo "2684"]
[Annotator "Karjakin,S"]
[PlyCount "85"]
[EventDate "2008.04.21"]
[EventType "tourn"]
[EventRounds "13"]
[EventCountry "AZE"]
[EventCategory "19"]
[SourceTitle "CBM 124"]
[Source "ChessBase"]
[SourceDate "2008.05.28"]
[SourceVersion "1"]
[SourceVersionDate "2008.05.28"]
[SourceQuality "1"]

1. e4 e5 2. Nf3 Nc6 3. Bb5 a6 4. Ba4 Nf6 5. O-O Be7 6. Re1 b5 7. Bb3 d6 8. c3
O-O 9. h3 Na5 10. Bc2 c5 11. d4 Qc7 {The Chigorin system. One of the most
solid set ups nowadays. Das Tschigorin-System. Einer der solidesten
Aufstellungen heutzutage.} 12. Nbd2 cxd4 13. cxd4 Nc6 14. Nb3 a5 15. Be3 a4 16.
Nbd2 Bd7 17. Rc1 Qb7 18. Nf1 {One of the main possible plans in this position.
Einer der möglichen Hauptpläne in dieser Stellung.} Rfe8 19. Ng3 Bd8 20. Qe2 h6
21. Bd3 $146 ({Previosly Bislang wurde} 21. Red1 {was played. gespielt.}) 21...
Rb8 22. dxe5 Nxe5 23. Nxe5 dxe5 24. b4 ({I was also considering Ich überlegte
auch} 24. Qf3 {but did not like , aber mir missfiel} Re6 25. Nf5 Ne8 26. Qg3
Kh8 27. b4 axb3 28. axb3 Bb6 {Still, it was more principial. The game position
is very drawish. Dennoch, dies war prinzipieller. Die Partiestellung ist sehr
remislich.}) 24... axb3 25. axb3 Bb6 $11 26. b4 Rec8 27. Kh2 (27. Rxc8+ Rxc8
28. Bxb5 Bxe3 29. Ba6 {does not work due to funkioniert nicht wegen} Bxf2+ $1 {
so I decided to prepare it and to play 27.Kh2. , daher beschloss ich, dies mit
27.Kh2 vorzubereiten.}) 27... Be6 28. Rxc8+ Qxc8 29. Rc1 Qd8 (29... Qf8 30.
Bxb6 Rxb6 31. Qb2 Qd6 32. Be2 Nd7 {was also possible. White hardly has
anything special. war ebenfalls möglich. Weiß hat kaum etwas Besonderes.}) 30.
Bxb6 Rxb6 31. Qe3 {Trying to play for a litle plus. Versucht, auf ein kleines
Plus zu spielen.} ({It was too dangerous to take the pawn: Das Schlagen des
Bauern war zu gefährlich:} 31. Bxb5 $6 Qd4 32. Rc5 h5 $1 33. f3 h4 34. Nf1 Qxb4
35. Rxe5 Rb8 {and White's pieces are very badly coordinated. und die weißen
Figuren sind sehr schlecht koordiniert.}) 31... Qb8 32. Qc5 (32. Be2 Kh7 $11 {
did not give anything either. ergab ebenfalls nichts.}) (32. Ne2 Bc4 $11) 32...
Bd7 $1 {[%cal Gb6c6]} 33. Ra1 Rc6 34. Qe3 Rd6 35. Ne2 Bc6 36. f3 Nd7 $2 {
This is a mistake. Ernesto was in big time-trouble and he did not feel the
danger! After this move White is suddenly much better. Dies ist ein Fehler.
Ernesto war in großer Zeitnot und spürte nicht die Gefahr! Nach diesem Zug
steht Weiß plötzlich klar besser.} ({After} 36... Bd7 {Black should hold
without much problems.}) 37. Ra5 $1 {Now the b-pawn is very weak! Nun ist der
b-Bauer sehr schwach!} Rd4 $6 {Nice, but it does not help! Schön, hilft aber
nichts!} (37... Nf8 $1 38. Nc3 Rd4 39. Bxb5 Bb7 40. Bf1 Rxb4 41. Qc5 Rb3 42.
Nd5 {was better for White, but still playable. war besser für Weiß, aber noch
spielbar.}) 38. Qd2 Rd6 39. Ng3 Nf8 40. Qc3 Qb6 $2 {Last control move and the
decisive mistake! Der letzte Kontrollzug und der entscheidende Fehler!} (40...
Re6 41. Qc5 Nd7 42. Qa7 $16) 41. Nf5 Rd7 (41... Re6 42. Qc5 {with a
technically winning position for White. mit technischer Gewinnstellung für
Weiß.}) 42. Bxb5 $1 Rd1 (42... Bxb5 43. Qxe5 $18) 43. Ne3 1-0

[Event "WchT 5th"]
[Site "Yerevan"]
[Date "2001.10.19"]
[Round "8.1"]
[White "Svidler, Peter"]
[Black "Kasimdzhanov, Rustam"]
[Result "1/2-1/2"]
[WhiteElo "2686"]
[BlackElo "2706"]
[Annotator "Kasimdzhanov,R"]
[PlyCount "118"]
[EventDate "2001.10.12"]
[EventType "team-tourn"]
[EventRounds "9"]
[EventCountry "ARM"]
[SourceTitle "CBM 086"]
[Source "ChessBase"]
[SourceDate "2002.02.05"]
[SourceVersion "1"]
[SourceVersionDate "2002.02.05"]
[SourceQuality "1"]
[WhiteTeam "Russia"]
[BlackTeam "Uzbekistan"]
[WhiteTeamCountry "RUS"]
[BlackTeamCountry "UZB"]

1. e4 e5 2. Nf3 Nc6 3. Bb5 a6 4. Ba4 Nf6 5. O-O Be7 6. Re1 b5 7. Bb3 d6 8. c3
O-O 9. h3 Na5 10. Bc2 c5 11. d4 Qc7 12. Nbd2 cxd4 13. cxd4 Rd8 14. Nf1 exd4 15.
Bf4 Nc6 16. Ng3 Be6 17. Rc1 Qb6 18. Nf5 Bxf5 19. exf5 d5 $1 $146 (19... Ra7 $6
{occured in Galkin-Bologan, 2001. Black kept on playing very passively and
lost.}) 20. a3 Rac8 21. Bb1 $6 (21. Bd3 $5 Bf8 22. g4 $13 {was much better,
leading to sharp play} h6 $5) 21... Bf8 22. Ba2 h6 23. Qd3 Na5 24. Nxd4 {
Svidler offered a draw here} Nc4 $15 25. Rc2 Re8 (25... Bc5 $5 26. Nb3 Bd6 27.
Bc1 (27. Bxd6 $6 Qxd6 28. Nd4 Re8 29. Rd1 Re4 30. g3 Rce8 $17 31. Kg2 $2 Ne3+
32. fxe3 Rxe3 $19) 27... Re8 28. Rce2 $15) 26. Rxe8 Rxe8 27. Nf3 a5 $2 {
a really bad idea. As Svidler pointed out after the game, very strong was} (
27... Bc5 $1 28. Bg3 $8 (28. b4 $2 Bf8 $17 {X a3}) 28... Ne4 29. Bh4 Qd6 30. a4
$15) 28. a4 Re4 29. Bc1 bxa4 30. Bxc4 dxc4 31. Rxc4 Rxc4 (31... Qb5 32. Rd4
Qxf5 $6 33. Rd8 $44) 32. Qxc4 Qb4 33. Qc2 Bc5 34. Bd2 Qb5 35. Be1 a3 36. bxa3
Bxa3 37. Nd4 Qe5 38. Nf3 Qa1 $4 {a horrible blunder, quite typical for my
shaky play in Yerevan.} (38... Qb5 39. Nd4 Qc5 40. Qxc5 Bxc5 41. Nb3 Bb4 42.
Bxb4 axb4 43. Kf1 Kf8 44. Ke2 Ke7 45. Kd3 $11) 39. Qa4 Qc1 40. Qxa5 Bc5 41.
Qa8+ Kh7 42. Qa4 Qb1 43. Qc4 Qxf5 44. Qxf7 $14 Qd3 45. Qe6 Qb1 46. g3 Qd3 47.
Kg2 Qe4 48. Qxe4+ Nxe4 49. Ne5 Bd4 50. Nc4 Kg6 51. f4 h5 52. Kf3 Nf6 53. Ba5
Kf5 54. Bd8 Ke6 55. Ne3 $2 (55. Bxf6 $14) 55... Bxe3 56. Kxe3 (56. Bxf6 Bxf4 $1
57. Bxg7 Bd6 $11) 56... Nd5+ 57. Kd4 g6 58. Ke4 Nc3+ 59. Kf3 Nb5 $11 1/2-1/2

[Event "EU-ch (Women) 10th"]
[Site "St Petersburg"]
[Date "2009.03.13"]
[Round "6"]
[White "Kosintseva, Tatiana"]
[Black "Zaiatz, Elena"]
[Result "1-0"]
[WhiteElo "2497"]
[BlackElo "2364"]
[Annotator "Kosintseva,T"]
[PlyCount "85"]
[EventDate "2009.03.08"]
[EventType "swiss"]
[EventRounds "11"]
[EventCountry "RUS"]
[SourceTitle "CBM 129 Extra"]
[Source "ChessBase"]
[SourceDate "2009.05.05"]
[SourceVersion "2"]
[SourceVersionDate "2009.05.20"]
[SourceQuality "1"]

1. e4 e5 2. Nf3 Nc6 3. Bb5 a6 4. Ba4 Nf6 5. O-O Be7 6. Re1 b5 7. Bb3 d6 8. c3
O-O 9. h3 Na5 10. Bc2 c5 11. d4 Qc7 {We have reached the Chigorin System in
the Spanish.} 12. Nbd2 cxd4 13. cxd4 Rd8 {An interesting move, preparing the
possible central break d5. For example, after the natural 14.Nf1 Black can
immediately realise his intention with 14...exd4 15.Nxd4 d5 with complicated
tactical play. Therefore...} 14. b3 Bb7 15. Bb2 Nc6 16. a3 {Preventing the
move ...Nb4, and planning to play b4, seizing space on the queenside for
White's pieces.} (16. Rc1 {has also been played here.}) 16... Bf8 {Black
decides not to release the central tension by means of the pawn sacrifice} (
16... exd4 17. Nxd4 Nxd4 18. Bxd4 d5 19. e5 Ne4 20. Nxe4 dxe4 21. Bxe4 {
as seen in the game Svetushkin-Delchev,Turin 2006. Instead, Black prefers a
quiet continuation.}) 17. b4 a5 ({The game Adams-Koneru, Merida 2008,
continued as follows:} 17... Rac8 18. Rc1 Qb8 19. d5 Ne7 20. Nb3 Nd7 21. Na5
Nb6 22. Bb3 h6 23. Qd3 Re8 24. Nh4 {with a substantial positional advantage to
White.}) 18. d5 Ne7 19. Bd3 Qb6 20. Nb3 {The knight heads towards a5, from
where it will prey on Black's nerves, continually threatening to jump into c6.}
axb4 21. axb4 Rxa1 ({If} 21... Ra4 {then} 22. Bc3 {followed by Na5.}) 22. Qxa1
Ra8 23. Qd1 {Preventing counterplay with Nh5, after which Nxe5 would follow.}
Ne8 {Black has a passive, but solid position. The weak pawn on b5 can be
defended easily by Bc8-d7. Even so, White retains a space advantage, although
it is not easy to break down Black's defences. Now the main play will take
place on the kingside - White plans an advance of the kingside pawns.} 24. Na5
Bc8 25. Bc1 {The bishops transfers to e3, from where it will control both
flanks.} f5 $2 {The decisive mistake, which leads to Black's subseuent defeat.
By voluntarily opening the game on the kingside, Black simply eases his
opponent's task, since now the white pieces develop greater activity.} ({
Black should remain patient and manoeuvre quietly in his own camp, without for
the moment undertaking any sharp or committal advances, and wait to see how
White continues.} 25... Bd7 26. Be3 Qa6 27. Nh4 g6 {This set-up invites White
to show his hand. By means of Kh2, g3 and f4, he can develop his initiative,
but now the break f5 needs to be taken more seriously, as he white king is
more exposed.}) 26. exf5 Bxf5 ({Interesting variations arise after} 26... Nxf5
27. Qc2 (27. Ng5 Nf6 28. Qf3 Nd4 (28... Ne7 29. Ne4) 29. Bxh7+ Nxh7 30. Qf7+
Kh8 31. Nxh7 Kxh7 32. Qxf8 (32. Bb2 $5) 32... Qc7 33. Bg5 Bb7 34. Qe7 Qxe7 35.
Bxe7 Bxd5 36. Bxd6 Ra6 37. Bxe5 Nc2 38. Rb1 Ba2 39. Rb2 Nxb4 40. Rxb4 Rxa5 41.
Bc7 $16) 27... g6 28. Nc6 $16 Bd7 $2 29. g4 Ne7 (29... Bxc6 30. dxc6 Ne7 31.
Qb3+ Kh8 32. Qf7 $18) 30. Nxe7+ Bxe7 31. Bxg6 hxg6 32. Qxg6+ Kh8 33. Nxe5 $18)
27. Be3 Qa6 (27... Qb8 28. Nc6) 28. Bxf5 Nxf5 29. Qd3 {The exchange of
light-squared bishops has significantly enhanced the weaknesses on c6 and e6.}
Ne7 30. Bg5 {It is important to exchange off one knight, so that Black cannot
attack the pawn on d5.} Nf6 31. Bxf6 gxf6 32. Nh4 Qc8 {It seems as though
Black has managed to cover the white squares, but now the knight on a5 jumps
unexpectedly into play.} 33. Nc6 $1 Nxc6 34. Rc1 Bh6 (34... Nxb4 35. Qg3+ $18)
35. Rxc6 Qd7 36. Nf5 {Black can do nothing to oppose the dominance of the
white pieces.} Bf8 37. Qc2 Qf7 ({If} 37... Ra7 {, defending the second rank,
then} 38. g4 {followed by Rc8, Qc6.}) 38. Rc7 Qg6 ({Also losing is} 38... Qh5
39. Kh2 $18 {and it is hard to advise Black what to do next, since after g4
the white queen will penetrate into Black's camp, with decisive threats.}) 39.
Rg7+ Bxg7 40. Ne7+ Kf7 41. Nxg6 hxg6 42. Qc7+ Kg8 43. Qxd6 1-0

[Event "Pamplona 9394 4th"]
[Site "Pamplona"]
[Date "1993.??.??"]
[Round "6"]
[White "Leko, Peter"]
[Black "Gomez Esteban, Juan Mario"]
[Result "1-0"]
[WhiteElo "2555"]
[BlackElo "2450"]
[Annotator "Leko,P"]
[PlyCount "77"]
[EventDate "1993.12.??"]
[EventType "tourn"]
[EventRounds "9"]
[EventCountry "ESP"]
[EventCategory "10"]
[SourceTitle "CBM 039"]
[Source "ChessBase"]
[SourceDate "1994.04.01"]
[SourceVersion "1"]
[SourceVersionDate "1994.04.01"]
[SourceQuality "1"]

1. e4 e5 2. Nf3 Nc6 3. Bb5 a6 4. Ba4 Nf6 5. O-O Be7 6. Re1 b5 7. Bb3 d6 8. c3
O-O 9. h3 Na5 10. Bc2 c5 11. d4 Qc7 12. Nbd2 cxd4 13. cxd4 Bb7 14. d5 Rac8 15.
Bd3 Nd7 16. Nf1 f5 17. Ng3 $1 f4 (17... fxe4 $6 18. Bxe4 Nf6 19. Bf5 Rce8 20.
Ng5 Bxd5 21. Be6+ $16) 18. Nf5 $1 $146 Rxf5 (18... Bd8 19. b3 g6 20. Nh6+ Kg7
21. Ng4 h5 22. Ngh2 $16) 19. exf5 Nc5 $5 (19... Bxd5 $2 20. Bxf4 $18) (19...
Nf6 20. Ng5 Bxd5 21. Be4 Bxe4 22. Nxe4 Nxe4 23. Qd5+ Kh8 24. Qxe4 $16) 20. b3
$1 (20. Bf1 Nc4 21. b3 Nb6 $13) 20... Bf6 $1 (20... Bxd5 21. Be2 Bxf3 22. Bxf3
Nc6 23. Qd5+ Kh8 24. Qxc6 Qxc6 25. Bxc6 Rxc6 26. Rd1 $16) 21. Rb1 $1 $8 (21.
Bf1 e4 22. Nd4 Nd3 $1 23. Bxd3 Bxd4 24. Rb1 exd3 25. Qxd3 Qc3 $15) 21... Nxd3
22. Qxd3 Qc2 23. Qxc2 Rxc2 24. Rb2 Rc8 (24... Rxc1 $5 25. Rxc1 e4 26. Rbc2 exf3
27. Rc7 $16) 25. Rd2 b4 26. Bb2 Rf8 27. Re4 $1 $18 Bc8 28. Rxb4 Nb7 29. Rb6 Nc5
30. Rd1 Bxf5 31. Rxd6 Nd3 32. Rxd3 $1 Bxd3 33. Bxe5 Be7 34. Rd7 Re8 35. d6 Bf8
36. Bxf4 Bb1 37. Ra7 Bxa2 38. d7 Rd8 39. Bg5 1-0

[Event "Moscow Aeroflot op-A"]
[Site "Moscow"]
[Date "2006.02.11"]
[Round "4"]
[White "Khairullin, Ildar"]
[Black "Motylev, Alexander"]
[Result "1/2-1/2"]
[WhiteElo "2533"]
[BlackElo "2638"]
[Annotator "Marin,M"]
[PlyCount "51"]
[EventDate "2006.02.08"]
[EventType "swiss"]
[EventRounds "9"]
[EventCountry "RUS"]
[SourceTitle "CBM 112"]
[Source "ChessBase"]
[SourceDate "2006.06.07"]
[SourceVersion "1"]
[SourceVersionDate "2006.06.07"]
[SourceQuality "1"]

1. e4 e5 2. Nf3 Nc6 3. Bb5 a6 4. Ba4 Nf6 5. O-O Be7 6. Re1 b5 7. Bb3 d6 8. c3
O-O 9. h3 Na5 10. Bc2 c5 11. d4 Qc7 12. Nbd2 cxd4 13. cxd4 Rd8 14. b3 Nc6 15.
Bb2 Bb7 16. Rc1 Qb6 17. d5 {This is the most reliable way to deal with Black's
threat of breaking the centre by means of a further ...d5. However, after the
closure of the centre the b2-bishop will have even bigger problems of being
activated than his colleague from b7.} Nb4 18. Bb1 a5 19. Qe2 {A new idea.
White refrains from weakening his queen side, trying to leave with the enemy
knight on b4. By keeping his knight on d2, he maintains the possibility to
play on either wing, according to the concrete circumstances.} ({Other moves,
including} 19. a3 {have been discussed in the notes to 1/2-1/2 Alekseev,E 
(2632)-Kazhgaleyev,M (2602)/Khanty Mansiysk 2005/CBM 111/[Marin]}) 19... Rdc8
$146 {The most simplistic approach. By offering the exchange of all the rooks
along the only open file, Black intends to simplify his defensive task.} (19...
Na6 20. a4 $5 (20. Bd3 $5) 20... bxa4 21. Nc4 Qxb3 22. Ba3 Qb5 $2 (22... Rac8
$5 23. Nfxe5 $140 Nb4 24. Bc2 Nxc2 25. Rxc2 Bf8 {[%csl Yc4,Ye5][%cal Rd6e5,
Gb7a6]} 26. Rb2 Qc3 27. Rc2 $11) 23. Nfxe5 $16 Nb4 24. Nxf7 $1 Rd7 (24... Kxf7
$2 25. Nxd6+ $1 $18) 25. Ng5 $18 {1-0 Al Modiahki,M (2579)-Kunte,A (2551)/
Gibraltar 2006/CBM 110 ext (43)}) 20. Rxc8+ {This move only helps Black solve
the problem of his passive bishop.} (20. Nf1 $5 {[%csl Gf5][%cal Yg2g4,Yf1g3]
should have been preferred.}) 20... Bxc8 {[%cal Yc8d7]} 21. Rc1 Bd7 22. Ne1 Rc8
{Black is perfectly coordinated now and has very little to fear.} 23. Rxc8+
Bxc8 24. a3 {Finally, White cannot live without this move any more.} Na6 25.
Nd3 Nc5 26. Nxc5 $11 1/2-1/2